| 000 | 00492cam a2200181ua 4500 | ||
|---|---|---|---|
| 020 | _c9.60 | ||
| 041 |
_aeng _h |
||
| 082 |
_a510 _bBLA/UN |
||
| 100 | _aBlakey, Joseph . | ||
| 245 |
_aUniversity mathematics : Text book for students of science and engineering / _cJoseph Blakey. _hTextual Documents |
||
| 250 |
_a2 / _b. |
||
| 260 |
_aLondon : _bEnglish Language Book Society , _c1958. |
||
| 300 | _a581 ; . | ||
| 365 | _a9.60 | ||
| 504 | _a | ||
| 942 | _cBK | ||
| 999 |
_c9437 _d9437 |
||